Thiền và võ đạo

Tallennettuna:
Bibliografiset tiedot
Päätekijä: Ngô, Ánh Tuyết
Aineistotyyppi: Kirja
Kieli:Undetermined
Julkaistu: Huế Thuận Hóa 1999
Aiheet:
Tagit: Lisää tagi
Ei tageja, Lisää ensimmäinen tagi!
Thư viện lưu trữ: Trung tâm Học liệu Trường Đại học Cần Thơ
LEADER 00535nam a2200193Ia 4500
001 CTU_87379
008 210402s9999 xx 000 0 und d
020 |c 22000 
082 |a 294.3927 
082 |b T528 
100 |a Ngô, Ánh Tuyết 
245 0 |a Thiền và võ đạo 
245 0 |c Ngô Ánh Tuyết, Vương Long 
260 |a Huế 
260 |b Thuận Hóa 
260 |c 1999 
650 |a conduct of life,zen buddhism 
904 |i Mai Loan 
980 |a Trung tâm Học liệu Trường Đại học Cần Thơ